000 01101nam a2200313Ia 4500
005 20220317000518.0
008 160601s2003 ck a g 000 0 spa
020 _a9580475334
100 1 _aFitzgerald, Francis Scott Key
_d1896-1940
245 1 3 _aEl gran Gatsby
_cF. Scott Fitzgerald ; traducción Eva Zímerman de Aguirre
250 _a2a edición
_b1a. reimpresión
300 _a173, 43 páginas
_c21 cm
490 _aColección cara y cruz
500 _aIncluye cronología
505 _aU
600 1 4 _aFitzgerald, Scott
_d1896-1940
_xCrítica e interpretación
_946972
650 1 4 _2LEMB
_aNovela estadounidense
_ySiglo XX
650 1 4 _2LEMB
_aLiteratura estadounidense
_ySiglo XX
650 1 4 _2LEMB
_aAmor en la literatura
650 1 4 _2LEMB
_aRiqueza en la literatura
700 1 _aZímerman de Aguirre, Eva
_etraductor
_919289
942 _2loc
_cBKLIT
264 _aBogotá
_bNorma
_c2003
336 _atexto
_btxt
_2rdacontent
337 _asin mediación
_bn
_2rdamedia
338 _avolumen
_bnc
_2rdacarrier
040 _aCO-BoRNBP
_bspa
_erda
_cCO-BoRNBP
084 _aN FIT1
999 _c4256
_d4256